| Tag |
First Indicator |
Second Indicator |
Subfields |
| LEADER |
00000cam a2200000 4500 |
| 001 |
in00000038917 |
| 005 |
20151007081359.0 |
| 008 |
720125s1967 eng u |
| 010 |
|
|
|a 67014406
|
| 035 |
|
|
|a (OCoLC)00227743
|
| 035 |
|
|
|9 AAF6292AM
|
| 040 |
|
|
|c YNG
|d TXA
|d UtOrBLW
|
| 049 |
|
|
|a TXAM
|c [465284]
|
| 090 |
|
|
|a DS777.55
|b .B29
|
| 092 |
|
|
|a 320.951
|b B261c
|
| 100 |
1 |
|
|a Barnett, A. Doak.
|
| 245 |
1 |
0 |
|a China after Mao :
|b with selected documents /
|c by A. Doak Barnett.
|
| 264 |
|
1 |
|a Princeton, N. J. :
|b Princeton University Press,
|c 1967.
|
| 300 |
|
|
|a 287 pages
|
| 336 |
|
|
|a text
|b txt
|2 rdacontent
|
| 337 |
|
|
|a unmediated
|b n
|2 rdamedia
|
| 338 |
|
|
|a volume
|b nc
|2 rdacarrier
|
| 490 |
1 |
|
|a The Walter E. Edge lectures
|
| 504 |
|
|
|a Bibliographical footnotes.
|
| 600 |
1 |
0 |
|a Mao, Zedong,
|d 1893-1976.
|
| 610 |
2 |
0 |
|a Zhongguo gong chan dang
|x Purges.
|
| 651 |
|
0 |
|a China
|x Politics and government.
|
| 830 |
|
0 |
|a Walter E. Edge lectures.
|
| 999 |
|
|
|a MARS
|
| 999 |
f |
f |
|s 96f5e67d-f512-3e7b-860c-3bc959ebd6a8
|i 993f1a50-d000-37f0-b050-4c0f251cd231
|t 0
|
| 952 |
f |
f |
|p normal
|a Texas A&M University
|b College Station
|c Sterling C. Evans Library
|d Evans: Library Stacks
|t 0
|e DS777.55 .B29
|h Library of Congress classification
|i unmediated -- volume
|m A14800660522
|
| 998 |
f |
f |
|a DS777.55 .B29
|t 0
|l Evans: Library Stacks
|